000 01115cad a22002535a 4500
001 E147931
008 090702s2009 xxk f l s000 0 eng d
035 _a(Sirsi) u147931
041 0 _aeng
110 2 _aScotland
_kLaws, etc
245 0 4 _aThe Non-Domestic Rating (Valuation of Utilities) (Scotland) Amendment Order 2009
_h[electronic resource]
260 _aEdinburgh
_bScottish Government
_c2009
490 0 _aScottish Statutory Instrument
_v2009: 112
520 _aThis Order amends the Non-Domestic Rating (Valuation of Utilities) (Scotland) Order 2005.
520 _aComes into force 1 April 2010.
521 _aAdvanced
590 _aKA
650 2 4 _aNON-DOMESTIC RATING (VALUATION OF UTILITIES) (SCOTLAND) ORDER 2005
650 2 4 _aNON-DOMESTIC RATING (VALUATION OF UTILITIES) (SCOTLAND) AMENDMENT ORDER 2009
651 4 _aScotland
_y1999-
690 _aPROPERTY-COMMERCIAL PROPERTY-COMMERCIAL PROPERTY TAXATION-BUSINESS RATES
856 4 0 _uhttps://www.opsi.gov.uk/legislation/scotland/ssi2009/ssi_20090112_en_1
_zView the statutory instrument free of charge at www.opsi.gov.uk...
942 _n0
999 _c109798
_d109798